000 00369nam a22001097a 4500
008 130415b xxu||||| |||| 00| 0 eng d
010 _a2012947593
020 _a9783642336355(pbk)
_cAvalable
050 _a570.22MON
_b002334
245 _aComputational Methods in Systems Biology 10th International Conference,CMSB 2012Proceedings
_cDavid Gilbert
260 _aUSA
_bSpringer
_c2012
999 _c23381
_d23381